| 000 | 01096cam a2200289 4500 | ||
|---|---|---|---|
| 008 | #DATE n1997 000 0 eng u | ||
| 020 | _a1870308603 | ||
| 035 | _a(Sirsi) u119912 | ||
| 041 | _aeng | ||
| 050 | _a721.0212 | ||
| 100 |
_aDawson _bS. _xEditor |
||
| 245 | _aArchitects` working details 4 | ||
| 260 |
_aLondon _bEmap _c1997 |
||
| 300 |
_a178p. _bill. _c30cm. |
||
| 350 | _a15.95 | ||
| 490 |
_aArchitects' Working Details _v4 |
||
| 520 | _aA selection of the technical diagrams and sections of external walls, windows, roofs, staircases, structure, small buildings and extensions, and interior elements published under the heading "Working details" in the "Architects' Journal". | ||
| 650 | _aARCHITECTS WORKING DETAILS | ||
| 650 | _aARCHITECTURAL DETAILS | ||
| 650 | _aEXTENSIONS | ||
| 650 | _aBUILT ENVIRONMENT-BUILDING ELEMENTS-COMPLETE BUILDING ELEMENTS-STAIRS | ||
| 650 | _aBUILT ENVIRONMENT-BUILDING ELEMENTS-COMPLETE BUILDING ELEMENTS-WALLS | ||
| 650 | _aWINDOWS | ||
| 650 | _aWORKING DETAILS | ||
| 690 | _aBUILT ENVIRONMENT-CONSTRUCTION DESIGN | ||
| 942 | _n0 | ||
| 999 |
_c102447 _d102447 |
||